Štefan Tkáč - Karol Kállay....Len kameň a drevo. (Slovenské ľudové náhrobníky)

Bibliographic Details
Main Authors: Pranda, Adam, 1924-1984 (Author), Tkáč, Štefan, 1931-1989 (Author), Kállay, Karol, 1926-2012 (Author)
Format: Article
Language:Slovak
Subjects:

MARC

LEADER 00000nab a2200000 a 4500
001 vtls000010184
003 SK-MaSNL
005 20260304052404.0
008 250422c1978 xo 0 slo
015 |a SNBRB19rr/mm-uuuuu 
035 |a CL0020278 
035 |a urn:nbn:sk:snk-abc4 
035 |a (urnnbn)urn:nbn:sk:snk:ar-a03694 
035 |a (uuid)0ff84a56-bee2-42d1-ad93-ad1da1e6bebc 
040 |a SNKBUCL  |b slo  |c SNKBUCL  |e AACR2 
041 0 |a slo 
044 |a xo  |c SK 
080 |a 726  |2 1981 
080 |a 73/76  |2 1981 
080 |a 39  |2 1981 
100 1 |a Pranda, Adam,  |d 1924-1984  |4 aut  |9 107030 
245 1 0 |a Štefan Tkáč - Karol Kállay....Len kameň a drevo. (Slovenské ľudové náhrobníky)  |c Adam Pranda ; Štefan Tkáč, Karol Kállay 
650 0 7 |a náhrobníky ľudové  |2 snkbucl  |9 957959 
655 7 |a články z novín a časopisov  |2 snkbucl  |9 267496 
700 1 |a Tkáč, Štefan,  |d 1931-1989  |4 aut  |9 38979 
700 1 |a Kállay, Karol,  |d 1926-2012  |4 aut  |9 93736 
773 0 |t Slovenský národopis  |g Roč. 26, č. 3 (1978), s. 527-528 
787 0 8 |i Rec.:  |a Tkáč, Štefan  |t Len kameň a drevo (Slovenské ľudové náhrobníky)  |d Bratislava : Pallas, 1977 
850 |a Slovenská národná knižnica 
852 |a Slovenská národná knižnica 
954 |a odborná, vedecká literatúra pôvodná (slovenská)  |2 lita 
958 |a article27 
958 |a RK 
958 |a OND 
958 |a EUIPO 
992 |a RBX 
999 |c 2708006  |d 2709936